| 000 | 06353cam a22019694i 4500 | ||
|---|---|---|---|
| 003 | PE-LiUPU | ||
| 005 | 20250813165307.0 | ||
| 008 | 150716s2013 mx a rb 001 0 spa d | ||
| 020 | _a9786071506108 | ||
| 035 | _a(Sirsi) i9786071506108 | ||
| 040 |
_aCO-BoBLA _bspa _cCO-BoBLA _dPE-LiUPU _erda |
||
| 041 | 1 |
_aspa _heng |
|
| 049 | _aPRUA | ||
| 082 | 0 | 4 |
_a658.048 _bG45 _221 2013 |
| 100 | 1 |
_aGibson, James L., _eautor. |
|
| 245 | 1 | 0 |
_aOrganizaciones : _bcomportamiento, estructura y procesos / _cJames L. Gibson [y otros tres] ; traducción Magda Elizabeth Treviño Rosales y Adolfo Deras Quiñones ; revisión técnica Margarita Bárcenas, Héctor Alberto García Romero. |
| 250 | _aDecimotercera edición. | ||
| 264 | 1 |
_aMéxico : _bMcGraw-Hill, _c[2013]. |
|
| 300 |
_axix, 569 páginas : _bilustraciones ; _c27 centímetros |
||
| 336 |
_atext _2rdacontent |
||
| 337 |
_aunmediated _2rdamedia |
||
| 338 |
_avolume _2rdacarrier |
||
| 504 | _aBibliografía : páginas 523-560. | ||
| 504 | _aÍndice analítico : páginas 561-569. | ||
| 505 | 0 | _aIntroducción -- Comportamiento dentro de las organizaciones: el individuo -- Comportamiento dentro de las organizaciones: grupos e influencia interpersonal -- Estructura y diseño de las organizaciones -- Los procesos de las organizaciones - Apéndice - Glosario -- Notas finales -- Índice analítico. | |
| 526 | _aP203 | ||
| 526 | _aP200 | ||
| 526 | _aSEG65 | ||
| 526 | _aSEG64 | ||
| 526 | _aSEG63 | ||
| 526 | _aSEG62 | ||
| 526 | _aSEG61 | ||
| 526 | _aSEG60 | ||
| 526 | _aSEG59 | ||
| 526 | _aSEG58 | ||
| 526 | _aSEG57 | ||
| 526 | _aSEG56 | ||
| 526 | _aSEG55 | ||
| 526 | _aSEG54 | ||
| 526 | _aSEG53 | ||
| 526 | _aSEG52 | ||
| 526 | _aSEG51 | ||
| 526 | _aSEG50 | ||
| 526 | _aSEG49 | ||
| 526 | _aSEG48 | ||
| 526 | _aSEG47 | ||
| 526 | _aSEG46 | ||
| 526 | _aSEG24 | ||
| 526 | _aSEG23 | ||
| 526 | _aSEG22 | ||
| 526 | _aSEG21 | ||
| 526 | _aSEG20 | ||
| 526 | _aSEG19 | ||
| 526 | _aSEG18 | ||
| 526 | _aSEG17 | ||
| 526 | _aSEG16 | ||
| 526 | _aSEG14 | ||
| 526 | _aSEG13 | ||
| 526 | _aSEG12 | ||
| 526 | _aSEG11 | ||
| 526 | _aSEG10 | ||
| 526 | _aSEG09 | ||
| 526 | _aSEG06 | ||
| 526 | _aSEG05 | ||
| 526 | _aSEG04 | ||
| 526 | _aSEG03 | ||
| 526 | _aSEG02 | ||
| 526 | _aSEG68 | ||
| 526 | _aSEG66 | ||
| 526 | _aSEG45 | ||
| 526 | _aSEG25 | ||
| 526 | _aSEG01 | ||
| 526 | _aP163 | ||
| 526 | _aP162 | ||
| 526 | _aP161 | ||
| 526 | _aP160 | ||
| 526 | _aP159 | ||
| 526 | _aP158 | ||
| 526 | _aP157 | ||
| 526 | _aP156 | ||
| 526 | _aP155 | ||
| 526 | _aP154 | ||
| 526 | _aP153 | ||
| 526 | _aP152 | ||
| 526 | _aP151 | ||
| 526 | _aP150 | ||
| 526 | _aP149 | ||
| 526 | _aP142 | ||
| 526 | _aP141 | ||
| 526 | _aP140 | ||
| 526 | _aP139 | ||
| 526 | _aP138 | ||
| 526 | _aP137 | ||
| 526 | _aP132 | ||
| 526 | _aP131 | ||
| 526 | _aP130 | ||
| 526 | _aP126 | ||
| 526 | _aP125 | ||
| 526 | _aP124 | ||
| 526 | _aP123 | ||
| 526 | _aP115 | ||
| 526 | _aP122 | ||
| 526 | _aP121 | ||
| 526 | _aP116 | ||
| 526 | _a P114 | ||
| 526 | _aP112 | ||
| 526 | _aP111 | ||
| 526 | _aP104 | ||
| 526 | _aP103 | ||
| 526 | _aP102 | ||
| 526 | _aP101 | ||
| 526 | _aP100 | ||
| 526 | _aP96 | ||
| 526 | _aP95 | ||
| 526 | _aP93 | ||
| 526 | _aP92 | ||
| 526 | _aP91 | ||
| 526 | _aP88 | ||
| 526 | _aP83 | ||
| 526 | _aP82 | ||
| 526 | _aP79 | ||
| 526 | _aP78 | ||
| 526 | _aP75 | ||
| 526 | _aP74 | ||
| 526 | _aP71 | ||
| 526 | _aP69 | ||
| 526 | _a P51 | ||
| 526 | _aP49 | ||
| 526 | _aP48 | ||
| 526 | _aP47 | ||
| 526 | _aP33 | ||
| 526 | _aP31 | ||
| 526 | _a P30 | ||
| 526 | _aP29 | ||
| 526 | _aP27 | ||
| 526 | _aP26 | ||
| 526 | _aP25 | ||
| 526 | _aP24 | ||
| 526 | _a P22 | ||
| 526 | _aP10 | ||
| 526 | _aP09 | ||
| 526 | _a P08 | ||
| 526 | _aP06 | ||
| 526 | _aP05 | ||
| 526 | _aP04 | ||
| 526 | _aP01 | ||
| 534 |
_pTítulo original : _tOrganizations, behavior, structure and processes. |
||
| 541 | _g001-0039189; | ||
| 650 | 4 | _aConducta orgnizacional. | |
| 650 | 4 | _aOrganización. | |
| 910 |
_aaas _bjck _caas _d20150716 |
||
| 942 |
_2ddc _cBOOK |
||
| 949 |
_a658.048 G45 2013 _wDEWEY _c1 _i71632 _d2016-10-19 _e2016-10-16 _lCCODEBUL1 _mBUL _n2 _p40.85 _r0 _sY _tBOOK _u2015-7-16 _xFCE _0COMPRA _o.STAFF. Colección General |
||
| 949 |
_a658.048 G45 2013 _wDEWEY _c2 _i71633 _lCCODEBUL1 _mBUL _p40.85 _r0 _sY _tBOOK _u2015-7-16 _xFCE _0COMPRA _o.STAFF. Colección General |
||
| 949 |
_a658.048 G45 2013 _wDEWEY _c3 _i71634 _d2016-5-16 _e2016-5-16 _lCCODEBUL1 _mBUL _n2 _p40.85 _r0 _sY _tBOOK _u2015-7-16 _xFCE _0COMPRA _o.STAFF. Colección General |
||
| 949 |
_a658.048 G45 2013 _wDEWEY _c4 _i71635 _lCCODEBUL1 _mBUL _p40.85 _r0 _sY _tBOOK _u2015-7-16 _xFCE _0COMPRA _o.STAFF. Colección General |
||
| 949 |
_a658.048 G45 2013 _wDEWEY _c5 _i71636 _d2016-5-15 _e2016-5-11 _lCCODEBUL1 _mBUL _n1 _p40.85 _r0 _sY _tBOOK _u2015-7-16 _xFCE _0COMPRA _o.STAFF. Colección General |
||
| 949 |
_a658.048 G45 2013 _wDEWEY _c6 _i71637 _d2015-11-8 _e2015-11-6 _lCCODEBUL1 _mBUL _n2 _p40.85 _r0 _sY _tBOOK _u2015-7-16 _xFCE _0COMPRA _o.STAFF. Colección General |
||
| 994 |
_aC0 _bPEPRU |
||
| 596 | _a1 | ||
| 999 |
_a658.048 G45 2013 _wDEWEY _c5915 _i71632 _d5915 _e2016-10-16 _f2021-11-8 _g5 _lCCODEBUL1 _mBUL _n2 _p40.85 _q2 _r0 _sY _tBOOK _u2015-7-16 _xFCE _PP04 _0COMPRA _o.STAFF. Colección General |
||
| 999 |
_a658.048 G45 2013 _wDEWEY _c2 _i71633 _d2018-10-29 _e2018-10-15 _f2021-11-8 _g5 _lCCODEBUL1 _mBUL _n1 _p40.85 _r0 _sY _tBOOK _u2015-7-16 _xFCE _PP04 _0COMPRA _o.STAFF. Colección General |
||
| 999 |
_a658.048 G45 2013 _wDEWEY _c3 _i71634 _d2016-5-16 _e2016-5-16 _f2021-11-8 _g5 _lCCODEBUL1 _mBUL _n2 _p40.85 _r0 _sY _tBOOK _u2015-7-16 _xFCE _PP04 _0COMPRA _o.STAFF. Colección General |
||
| 999 |
_a658.048 G45 2013 _wDEWEY _c4 _i71635 _d2022-7-7 _f2021-11-8 _g5 _lCCODEBUL1 _mBUL _p40.85 _q1 _r0 _sY _tBOOK _u2015-7-16 _xFCE _PP04 _0COMPRA _o.STAFF. Colección General |
||
| 999 |
_a658.048 G45 2013 _wDEWEY _c5 _i71636 _d2017-11-6 _e2017-11-5 _f2021-11-8 _g5 _lCCODEBUL1 _mBUL _n2 _p40.85 _r0 _sY _tBOOK _u2015-7-16 _xFCE _PP04 _0COMPRA _o.STAFF. Colección General |
||
| 999 |
_a658.048 G45 2013 _wDEWEY _c6 _i71637 _d2018-9-24 _e2018-9-24 _f2021-11-8 _g5 _lCCODEBUL1 _mBUL _n6 _p40.85 _q2 _r0 _sY _tBOOK _u2015-7-16 _xFCE _PP04 _0COMPRA _o.STAFF. Colección General |
||
| 980 |
_81 _gALBERTO SANCHEZ Responsable de Automatización |
||